Catálogo

Vista normal Vista MARC

Entrada Personal Name

Número de registros utilizados en: 1

001 - CONTROL NUMBER

  • control field: 7852

003 - CONTROL NUMBER IDENTIFIER

  • control field: DLC

005 - DATE AND TIME OF LATEST TRANSACTION

  • control field: 20200805163726.0

008 - FIXED-LENGTH DATA ELEMENTS

  • fixed length control field: 140428n| azannaabn |a aaa

010 ## - LIBRARY OF CONGRESS CONTROL NUMBER

  • LC control number: n 2014204925

040 ## - CATALOGING SOURCE

  • Original cataloging agency: DLC
  • Language of cataloging: spa
  • Description conventions: rda
  • Transcribing agency: Mx-PuUPA
  • Modifying agency: DLC
  • Modifying agency: Mx-PuUPA

100 1# - HEADING--PERSONAL NAME

  • Personal name: Boza Carreño, Ángel,

373 ## - ASSOCIATED GROUP

  • Associated group: Universidad de Huelva
  • Source of term: naf

374 ## - OCCUPATION

  • Occupation: Profesor universitario
  • Source of term: lcsh

375 ## - GENDER

  • Gender: hombre

377 ## - ASSOCIATED LANGUAGE

  • Language code: spa

400 1# - SEE FROM TRACING--PERSONAL NAME

  • Personal name: Carreño, Ángel Boza

670 ## - SOURCE DATA FOUND

  • Source citation: A motivação em diferentes cenários, 2010:
  • Information found: t.p. (Ángel Boza Carreño) back flap (doctoral degree, Psicopedagogia, Universidad de Huelva; prof. Universidad de Huelva)

670 ## - SOURCE DATA FOUND

  • Source citation: Biblioteca del congreso (Estados Unidos), 16 agosto 2018:
  • Information found: catálogo electrónico
  • Uniform Resource Identifier: https://goo.gl/f3sGa1